000 00673nam a22001577a 4500
008 170425b xxu||||| |||| 00| 0 eng d
082 _22016
_aUT 0767
_bR26
100 _920190
_aRegidor, Clarence Gail L.
245 _aBarriers and Needs Analysis of ICT ( Information Communication Technology) Integration in UMDC Teachers.
_cClarence Gail L. Regidor, Michelle Anne J. Sueño and Princess Nice Pamela B. Molina.
300 _a42 pages;
_b28 cm.
650 0 _920192
_aEducation
_vEnglish
_xUndergraduate Thesis.
700 _920193
_aRegidor, Clarence Gail L.
700 _920194
_aSueño, Michelle Anne J.
700 _920195
_aMolina, Princess Nice Pamela B.
942 _2ddc
_cUT
999 _c6667
_d6667